| 000 | 00612nam a22002177a 4500 | ||
|---|---|---|---|
| 005 | 20260505113602.0 | ||
| 008 | 260505b |||||||| |||| 00| 0 eng d | ||
| 020 |
_a978-93-6113-125-7 _cRs.999.00 |
||
| 040 | _aLoreto College | ||
| 041 | _aEnglish | ||
| 082 |
_a320.954 _bGUH |
||
| 100 | _aGuha,Ramachandra | ||
| 245 |
_aIndia after Gandhi _bA history _cRamachandra Guha |
||
| 260 |
_aNew Delhi _bPicador India _c2025 |
||
| 300 | _axxxvi,942p.;22cm. | ||
| 504 | _aIncludes index | ||
| 650 | _aPolitical science | ||
| 650 | _aIndia-Politics and Government | ||
| 850 | _aLCLIB | ||
| 942 | _cBK | ||
| 999 |
_c44375 _d94854 |
||